Statistics for Bordering Countries with Same Ending Letter different from A with a Map

Click here to take the quiz!

General Stats

  • This quiz has been taken 457 times
  • The average score is 36 of 48

Answers on the Map

Answers color-coded by a green-red scale on the quiz's map according to % correct below.
Loading ...
 

Answer Stats

Country% Correct
Afghanistan
91%
Pakistan
91%
Tajikistan
91%
Uzbekistan
91%
Kazakhstan
90%
Kyrgyzstan
90%
Turkmenistan
90%
Iran
88%
Azerbaijan
78%
DR Congo
71%
Oman
70%
Rep. of the Congo
70%
Yemen
70%
South Sudan
65%
Sudan
65%
Italy
51%
France
48%
Gabon
47%
Cameroon
46%
Mozambique
44%
Vatican City
42%
Zimbabwe
42%
Suriname
41%
Togo
37%
Burkina Faso
34%
Kosovo
32%
Montenegro
30%

Score Distribution

Percentile by Number Answered

Percent of People with Each Score

Your Score History

You have not taken this quiz